| 000 | 00701nam a2200253 a 4500 | ||
|---|---|---|---|
| 005 | 20180803165043.0 | ||
| 008 | 140307b2000 ve ||||| |||| 00| 0 spa d | ||
| 041 | _aspa | ||
| 044 | _ave | ||
| 090 |
_aLB _b02730 |
||
| 100 |
_aBerg, Cornelius C. _917964 |
||
| 245 | _aMoraceae, Cecropiaceae | ||
| 260 |
_aCaracas _bFundación Instituto Botánico de Venezuela _c2000 |
||
| 300 | _a269 p. | ||
| 650 |
_aFlora _917965 |
||
| 650 |
_aPlantas _917966 |
||
| 650 |
_aTaxonomía vegetal _992262 |
||
| 650 |
_aClaves taxonómicas _93514 |
||
| 650 |
_aIdentificación de especies _94726 |
||
| 662 | _aVenezuela | ||
| 700 |
_aSimonis, J. E. _917968 |
||
| 700 |
_aRiina, Ricarda _98698 |
||
| 942 |
_cImpreso _2z |
||
| 999 |
_c2959 _d2959 |
||